00908nam a2200265 a 4500001001000000003000900010005001700019007000300036008004100039040003000080082001400110110003200124240001800156245011200174264005200286300002600338336002700364337003300391338002800424590002600452910000700478942001400485952012600499999001700625000046639DO-SdBNP20240403111013.0ta240403s2000 000 spa d aDO-SdBNPbspacBNPHUerda bR426L2221 aRepública Dominicana944710a[Leyes, etc.]10aLey No. 91 :bque instituye el colegio de abogado de la República del 16 de febrero de 1983 G.O. No. 9606 aSanto Domingo :beditora no identificada,c2000 a12 paginas. ;c21 cm. 2rdacontentatextobtxt 2rdamediaasin mediaciónbn 2rdacarrieravolumenbnc aInventariado, 2024/DG aDG 2ddccLBS1 00102ddc51708PDaBNPHUbBNPHUcCTd2024-04-03edonaciónl0oBNPHU PD R426Lp2024-1772r2024-04-03w2024-04-03yLBS1 c56230d56230